[Event "FRA-chT2 0405"]
[Site "France"]
[Date "2005.04.02"]
[Round "10"]
[White "Louchart, Armelle"]
[Black "Labatut, Kelly"]
[Result "0-1"]
[WhiteElo "1499"]
[BlackElo "1520"]
[PlyCount "87"]
[EventDate "2004.10.10"]
[EventType "team"]
[EventRounds "11"]
[EventCountry "FRA"]
[SourceTitle "EXT 2006"]
[Source "ChessBase"]
[SourceDate "2005.11.24"]
[SourceVersion "1"]
[SourceVersionDate "2005.11.24"]
[SourceQuality "1"]
[WhiteTeam "Checy"]
[BlackTeam "Sautron II"]
[WhiteTeamCountry "FRA"]
[BlackTeamCountry "FRA"]

1. d4 d5 2. Nf3 Nf6 3. Bf4 e6 4. e3 c6 5. c3 Nbd7 6. h3 b5 7. Nbd2 Bb7 8. Bd3 a6 9. e4 dxe4 10. Nxe4 c5 11. Nxf6+ Qxf6 12. Be3 Rd8 13. Be2 h6 14. Qc2 Be7 15. Rg1 e5 16. dxe5 Nxe5 17. Nxe5 Qxe5 18. g3 Qe4 19. Qxe4 Bxe4 20. c4 Bd3 21. Bxd3 Rxd3 22. cxb5 axb5 23. Ke2 Rd8 24. Rac1 Rc8 25. Rgd1 c4 26. Bd4 0-0 27. a3 f5 28. Be5 Rfd8 29. Rxd8+ Rxd8 30. Rd1 Rxd1 31. Kxd1 Kf7 32. Ke2 Bf6 33. Bxf6 Kxf6 34. f4 Ke6 35. Ke3 Kd5 36. g4 g6 37. g5 h5 38. h4 Kc5 39. Kd2 Kd4 40. Kc2 Ke3 41. b3 cxb3+ 42. Kxb3 Kxf4 43. Kb4 Ke3 44. Kxb5 0-1

[Event "FRA-chT2 0405"]
[Site "France"]
[Date "2005.03.12"]
[Round "8.9"]
[White "Rigolot, Lucie"]
[Black "Louchart, Armelle"]
[Result "1-0"]
[WhiteElo "1460"]
[BlackElo "1550"]
[PlyCount "55"]
[EventDate "2004.10.10"]
[EventType "team"]
[EventRounds "11"]
[EventCountry "FRA"]
[SourceTitle "EXT 2006"]
[Source "ChessBase"]
[SourceDate "2005.11.24"]
[SourceVersion "1"]
[SourceVersionDate "2005.11.24"]
[SourceQuality "1"]
[WhiteTeam "Paris NAO II"]
[BlackTeam "Checy"]
[WhiteTeamCountry "FRA"]
[BlackTeamCountry "FRA"]

1. e4 d5 2. exd5 Qxd5 3. Nc3 Qa5 4. d4 Nf6 5. Bd2 c6 6. Bd3 Qc7 7. Nf3 Bg4 8. h3 Bxf3 9. Qxf3 e6 10. Bf4 Bd6 11. Ne2 Nbd7 12. Qg3 Nh5 13. Bxd6 Nxg3 14. Bxc7 Nxh1 15. Bf4 Nxf2 16. Kxf2 0-0-0 17. Nc3 Nf6 18. Ke3 Nd5+ 19. Nxd5 cxd5 20. Rc1 Kd7 21. c4 Rc8 22. c5 Kc6 23. a4 a6 24. b4 Kd7 25. b5 axb5 26. axb5 b6 27. c6+ Ke7 28. c7 1-0